00530 2200205 4500001002100000005001500021035002000036245002300056100002500079300002500104264004500129336002100174337003000195338002300225082001200248084001800260020002200278990001100300990001300311INLIS00000000000123520220718122603 a0010-07220000161 aHujan /cTere Liye0 aTere LiyeePengarang a318 :bilus ;c21 cm aJakarta :bGramedia Pustaka Utama,c2016 2rdacontentateks 2rdamediaatanpa perantara 2rdacarrieravolume a899.221 a899.221 TER h a978-602-03-2478-4 a22.657 a24000082